Načítá se...

கடவுள் ஒரு கணக்கன்

Podrobná bibliografie
Hlavní autor: Jothi Latha Girija ஜோதி லதா கிரிஜா
Médium: Printed Book
Vydáno: Nagapatinam Imayam Pathippakam 1974
Témata:
LEADER 00561nam a22001577a 4500
082 |a 894.811301  |b Kad-J 
100 |a Jothi Latha Girija  |a ஜோதி லதா கிரிஜா  
240 |a Kadavul oru Kanakkan 
245 |a கடவுள் ஒரு கணக்கன்  
260 |a Nagapatinam   |b Imayam Pathippakam  |c 1974 
300 |a 163 
546 |a Tamil 
650 |a Short Story 
942 |c BK 
999 |c 317036  |d 317036 
952 |0 0  |1 0  |4 0  |6 894_811301000000000_KADJ  |7 0  |9 339064  |a TAM  |b TAM  |d 2020-12-06  |l 0  |o 894.811301 Kad-J  |p TAM10162  |r 2020-12-06  |w 2020-12-06  |y BK